| 000 | 00680nam a2200193 u 4500 | ||
|---|---|---|---|
| 005 | 20250910063905.0 | ||
| 008 | 081112s2007 ag r 000 0 spa d | ||
| 020 | _a9789871256099 | ||
| 035 | _aUPN01000167964 | ||
| 049 | _aCG | ||
| 050 | 4 |
_aHQ57.6 A7 _bM3.7 |
|
| 100 | 1 |
_aMartín, Orlando Rafael _941526 |
|
| 245 | 1 | 1 |
_a¿Sexualidad en la escuela? : _blos desafíos de la ley de educación sexual integral : programa nacional de educación sexual integral (ley nacional 26150) / _cOrlando Martín. |
| 260 |
_aBuenos Aires : _bSb _c2007. |
||
| 300 | _a142 p. | ||
| 650 | 0 |
_aEducación sexual _zArgentina _914140 |
|
| 650 | 4 |
_aValores _xEstudio y enseñanza _9310 |
|
| 905 | _aLibro | ||
| 999 |
_c140073 _d140073 |
||